000 00618nam a2200229Ia 4500
001 dia_2783
003 CHAP
005 20230516140455.0
008 220117s1980 xx 000 0 und d
010 _a173284
040 _cCHAP
082 _a664.09 S3
100 _aSacharow, Stanley
_9101126
245 _aPrinciples of Food Packaging
260 _aWestport, Connecticut, AVI, Publishing Company
_c1980
500 _aI.130425
650 _aAlimentos empacados
_9151342
901 _a664.09 S3
902 _aM
905 _a0000001980 WES 0000000000ING00
942 _cLIBRO
_2ddc
999 _c173284
_d173284